Statistics for Deltarune darkners

Click here to take the quiz!

General Stats

  • This quiz has been taken 70 times
  • The average score is 10 of 21

Answer Stats

Answer% Correct
Lancer
98%
King
93%
Jevil
84%
Ralsei
84%
Rouxls Kaard
67%
Hathy
60%
Head hathy
60%
Seam
60%
Ruddin
56%
Clover
46%
C.Round
42%
K.Round
42%
Bloxer
37%
Jigsawry
37%
Ruddin ranger
33%
Ponman
28%
Rabbick
26%
Top chef
16%
Training dummy
11%
3 Kings
9%
Malius
9%

Score Distribution

Percentile by Number Answered

Percent of People with Each Score

Your Score History

You have not taken this quiz